000 00464nam a2200169Ia 4500
008 230718s9999 xx 000 0 und d
041 _aeng
082 _a511.3
_bLIU
100 _aLiu C.L.
245 _aElements Of Discrete Mathematics
250 _a3rd ed.
260 _c2008
_bTata Mc-Graw Hill
300 _a547
_dRef 355 G (33116)
365 _cRs.
_b250.00
700 _aLiu C.L. & Mohapatra D.P.
906 _dO:0016320-Jul-2009B:70303-Jul-2009
_cIT
_b250
999 _c321908
_d321908